000 01620nam a2200349 a 4500
001 BRCA_8693
005 20190320210352.0
008 161216s1726----be-a######---#000-0#lat-#
041 _alat
044 _abe
050 4 _aBX1970
_b.C54
_c1726
100 1 _aUrbani Papae Octavi
_921662
245 1 0 _aMissale romanum ex decreto sacrosancti concilii tridentini restitutum, PII V. Pont. Max. Jussu editum et clementis VII primum, nunc devuo
_cUrbani Papae Octavi.
260 _aAntverpiae
_bEx typographia plantiniana
_c1726
300 _a1 vol. (con varias paginaciones)
_bil.
_c27 cm
500 _aFondo antiguo
500 _aSe encuentra en Caja Fuerte
500 _aLM-53
500 _aPortada impresa en dos tintas negro y rojo con grabado
500 _aRubrica al reverso de la portada
500 _aUso de letras capitulares
500 _aTexto en dos columnas
500 _aIncluye 4 grabados y partituras
500 _aIncluye índice
500 _aCon licentia et approbation ordinari y summa privilegi
500 _aNota de encuadernación: piel sobre cartón lomo y margenes dorados con broches metálicos incompletos que no cierran
505 0 _aEn el mismo volumen se incluye el missae propia sanctorum hispanorum.-- Missa in festo patrocinni SS. Joseph Confessoris, sponsi beatae virginis mariae duplex.-- Missae propriae sanctorum trium ordinum fratrum minorum S. P. N. Francisci
506 0 _aFondo reservado: para su consulta es necesario credencial de usuario y carta de motivos
650 1 4 _aIglesia católica
_eLiturgia y ritual
_vMisal
_921663
902 _aLAR
942 _2lcc
_cB
999 _c8346
_d8346